Sales and marketing for the travel professional

Bibliographic Details
Main Author: Foster, Dennis L
Format: Book
Published: Illinois : McGraw-Hill , 1993
Subjects:

MARC

LEADER 00000cam a2200000 7i4500
001 0000002323
002 000002530
005 20000330.0
020 |a 0071133054 
090 0 0 |a 338.479102373   |b FOS 
100 1 |a Foster, Dennis L 
245 1 0 |a Sales and marketing for the travel professional   |c Dennis L.Foster 
260 |a Illinois :   |b McGraw-Hill ,   |c 1993 
300 |a 191p. ;   |c 26cm. 
650 0 0 |a Travel agents   |x Marketing 
999 |a 035517   |b BUKU   |c PINJAMAN   |e PERPUSTAKAAN KOMUNITI PETALING JAYA 
999 |a 035518   |b BUKU   |c PINJAMAN   |e PERPUSTAKAAN KOMUNITI PETALING JAYA